000 00622cam a22002293a 4500
001 9410
003 PGUSA
005 20140828083211.0
008 051201s2005||||xxu|||||s|||||000 1 eng d
040 _aPGUSA
_beng
042 _adc
050 4 _aPS
100 1 _aWright, Harold Bell,
_d1872-1944
245 1 0 _aHelen of the Old House
_h[electronic resource] /
_cHarold Bell Wright
260 _bProject Gutenberg,
_c2005
506 _aPublic domain in the USA.
516 _aElectronic text
653 _aFiction
830 0 _aProject Gutenberg
_v9410
856 4 0 _uhttp://www.gutenberg.org/ebooks/9410
942 _cEB
999 _c238666
_d238666